Tattoo Styles - Statistics

General Stats
  • This quiz has been taken 57 times
  • The average score is 4 of 11
Answer Stats
Hint Answer % Correct
Poor imitation of Polynesian tattoos, popularin the 90s/2000s, Mike Tyson has this Tribal
89%
Also known as old school,popular among sailors American traditional
82%
Common everywhere, only uses two colors Black and grey
70%
Ancient tattoo style however It’s commonly associated with the Yakuza Japanese traditional/Horimono
43%
Style invented in Germany, some would call garbage Trash Polka
43%
The opposite of black and grey realism Color realism
14%
Ancient style in New Zealand Maori tattoo/Ta Moko
7%
The last Polynesian style Samoan tattoo/Pe’a/Tatau
7%
Tiny tattoo style Micro tattoos
5%
A style that goes against old school style norms New School Style
5%
The Rock and his ancestors have this style Hawaiian tattoo/kākau
2%
No matching quizzes found
Score Distribution
Percent of People with Each Score
Percentile by Number Answered
Your Score History
You have not taken this quiz